Teoría y práctica del trabajo social de casos

Gespeichert in:
Bibliographische Detailangaben
1. Verfasser: Hamilton, Gordon (VerfasserIn)
Format: Buch
Sprache:Spanisch
Veröffentlicht: Ciudad de México La Prénsa Médica Mexicana 1960
Ausgabe:2a. ed
Schlagworte:
Tags: Tag hinzufügen
Keine Tags, Fügen Sie den ersten Tag hinzu!

MARC

LEADER 00000nam a2200000 a 4500
001 UCR7884
003 CL-VaPUC
008 980519e19600000MX |||||||||||||||||spa|d
082 0 4 |a 361  |b HAM  |2 21 
100 |a Hamilton, Gordon  |e author  |9 409410 
245 1 0 |a Teoría y práctica del trabajo social de casos 
250 |a 2a. ed 
300 |a 333 p 
942 |c BK 
945 |d 19980519 00:00:00  |a crobeson 
260 |a Ciudad de México  |b La Prénsa Médica Mexicana  |c 1960 
650 0 |a Trabajo social   |9 307856 
650 0 |a Servicio social  |9 307999 
583 |a last modification  |c 19980519 00:00:00  |k Rodrigo Vera 
999 |c 269463  |d 269461 
952 |0 0  |1 0  |4 0  |6 361_000000000000000_HAM_1960  |7 0  |8 A  |9 303211  |a BIBGIM  |b BIBGIM  |d 2019-11-20  |i 1997785  |o 361 HAM 1960  |p 1997785  |r 2025-01-15  |w 2019-11-20  |y BK  |k SSL 
952 |0 0  |1 0  |4 0  |6 361_000000000000000_HAM_1960  |7 0  |8 A  |9 303212  |a BIBGIM  |b BIBGIM  |d 2019-11-20  |i 1997793  |o 361 HAM 1960  |p 1997793  |r 2025-01-15  |w 2019-11-20  |y BK  |k SSL